Chińskie znaki zodiaku - nagła śmierć - Statystyki

Ogólne statystyki
  • Ten quiz został rozwiązany 8 072 razy
  • Średni wynik to 6 z 12
Answers on the Grid
Answers color-coded by a green-red scale on the quiz's grid according to % correct below.
Pszczoła
Żuraw
Krokodyl
Pies
Delfin
Smok
Słoń
Lis
Panda
Koza
Koń
Mangusta
Małpa
Wół
Paw
Świnia
Dziobak
Królik
Szczur
Kogut
Wąż
Tygrys
Żółw
Jednorożec
 
Statystyki odpowiedzi
Odpowiedź % Poprawnych
Smok
75%
Pies
58%
Tygrys
58%
Wąż
52%
Świnia
48%
Małpa
47%
Szczur
43%
Kogut
38%
Królik
38%
Wół
34%
Koń
33%
Koza
27%
Nie znaleziono quizów pasujących do podanych kryteriów
Rozkład punktacji
Procent ludzi z każdym wynikiem
Percentyl według liczby udzielonych odpowiedzi
Twoja historia wyników
Nie rozwiązałeś tego quizu